000 01167cam a2200301 4500
008 #DATE n2003 000 0 eng u
020 _a1873186126
035 _a(Sirsi) u115236
041 _aeng
050 _a657.3
_c18
100 _aMills, Roger W.
245 _aFundamentals of managerial accounting and finance
250 _a4th ed.
260 _aLechlade
_bMars Business Associates
_c2003
300 _aviii, 440p.
_c24cm.
350 _a24
520 _aAimed primarily at MBA students, this fourth edition text covers the following topics: financial accounting; financial reporting; basic financial ratios; company financial analysis; cost accounting and cost management; budgeting; short-term and long-term decision analysis; financial management and strategic financial management. Includes a case study, glossary and references.
650 _aFINANCIAL MANAGEMENT
650 _aFINANCIAL REPORTING
650 _aMANAGEMENT ACCOUNTING
650 _aFINANCIAL ACCOUNTING
650 _aFINANCIAL ANALYSIS
690 _aFINANCE
700 _aRobertson, John
700 _aPrint, Carol F.
700 _aRowbotham, Sean A.
942 _n0
999 _c101741
_d101741